| 000 | 01147nam a2200313 a 4500 | ||
|---|---|---|---|
| 001 | 000111864 | ||
| 003 | CHAP | ||
| 005 | 20220329144232.0 | ||
| 008 | 150924s2015 mx a fsm |||||||spa d | ||
| 010 | _a108325 | ||
| 011 | _a109297 | ||
| 040 | _cCHAP | ||
| 090 | _aTesis | ||
| 100 | 1 |
_aMenéndez Gámis, Carlos Ricardo _9128967 |
|
| 245 | 1 | 0 |
_aLímites y perspectivas de la intervención estatal en el campo mexicano en un entorno global / _h[En línea] _cpor Carlos Ricardo Menéndez Gámiz. |
| 260 |
_aChapingo, Méx. : _bEl autor, _c2015. |
||
| 500 | _aPara ver el contenido del material haga clic en la liga | ||
| 502 | _aTesis (Ph.D. en Problemas Económico Agroindustriales) -- UACH. C.I.E.S.T.A.A.M. | ||
| 590 |
_aE6096MTM _b05 _c20150924 _lUCH01 _h1359 |
||
| 590 |
_aE6096MTM _b05 _c20150924 _lUCH01 _h1400 |
||
| 650 | 1 | 4 |
_aAgricultura _zMéxico. _91932 |
| 650 | 1 | 4 |
_aCondiciones rurales _xMéxico. _926329 |
| 650 | 1 | 4 |
_aPolítica agrícola. _990283 |
| 650 | 1 | 4 |
_aPolítica y gobierno _zMéxico. _990719 |
| 856 |
_aFinding aid _uhttp://10.13.5.2/tesis/sist111864.pdf _zTeclea aquí |
||
| 901 | _aBK | ||
| 942 | _cTESIS | ||
| 942 | _n0 | ||
| 999 |
_c108325 _d108325 |
||